La madurez de Eva : una interpretación de la ceguera emocional /
En esta obra la autora trata de explicar que la violencia inflingida sobre los niños se revierte en algún momento sobre la sociedad. Habla de que nuestro cuerpo contiene una memoria completa de todas y cada una de nuestras experiencias infantiles que han ayudado a desarrollar una visión particular s...
Zapisane w:
| 1. autor: | |
|---|---|
| Format: | Książka |
| Język: | hiszpański |
| Wydane: |
Barcelona, España:
Paidós,
2002, c2002
|
| Seria: | (Paidós Contextos ;
71) |
| Hasła przedmiotowe: | |
| Etykiety: |
Nie ma etykietki, Dołącz pierwszą etykiete!
|
MARC
| LEADER | 00000nam^a2200000^a^4500 | ||
|---|---|---|---|
| 001 | 000136258 | ||
| 005 | 20250521000000.0 | ||
| 009 | 20260310095311.941 | ||
| 020 | |a 84-493-1178-0 | ||
| 037 | |a Acervo ITESO - Biblioteca | ||
| 041 | |a ESP | ||
| 082 | |a 155. 234 |b MIL | ||
| 100 | |a Miller, Alice |e (autor) | ||
| 245 | 1 | 3 | |a La madurez de Eva : |b una interpretación de la ceguera emocional / |c A. Miller ; tr. por Héctor Piquer. |
| 264 | 4 | |a Barcelona, España: |b Paidós, |c 2002, c2002 | |
| 300 | |a 198 p. | ||
| 336 | |a texto |b txt |2 rdacontenido | ||
| 337 | |a sin mediación |b n |2 rdamedio | ||
| 338 | |a volumen |b nc |2 rdasoporte | ||
| 440 | 1 | |a (Paidós Contextos ; |v 71) | |
| 500 | |a Traducción de: Evas Erwachen | ||
| 520 | |a En esta obra la autora trata de explicar que la violencia inflingida sobre los niños se revierte en algún momento sobre la sociedad. Habla de que nuestro cuerpo contiene una memoria completa de todas y cada una de nuestras experiencias infantiles que han ayudado a desarrollar una visión particular sobre la psicoterapia. | ||
| 649 | |a XX | ||
| 650 | |a Inteligencia Emocional | ||
| 650 | |a Imagen Corporal | ||
| 650 | |a Autoconcepto | ||
| 650 | |a Conciencia | ||
| 650 | |a Desarrollo Emocional | ||
| 650 | |a Formación de Conceptos | ||
| 650 | |a Salud Mental | ||
| 650 | |a Neurosis | ||
| 650 | |a Trastornos Psicosomáticos | ||
| 650 | |a Trastornos de Conducta | ||
| 650 | |a Conducta Autodestructiva | ||
| 650 | |a Sintomatología | ||
| 650 | |a Calidad de Vida | ||
| 650 | |a Psicoterapia - |x Aspectos Sociales y Culturales | ||
| 650 | |a Psicología Social | ||
| 650 | |a Psicolingüística | ||
| 650 | |a Psicología Clínica | ||
| 910 | |a Fondo General | ||
| 920 | |a Impresos - Libros | ||
| 930 | |a Colección General | ||
| 905 | |a 101 | ||
| 901 | |a 0500064952 |b IT1 |c ACC |u 20250521 | ||
| 902 | |a https://opac.biblio.iteso.mx/vufind/Record/000136258 | ||